Miasta z największą liczbą ludności w Turcji - Statystyki

Ogólne statystyki
  • Ten quiz został rozwiązany 124 razy
  • Średni wynik to 5 z 10
Statystyki odpowiedzi
Miejsce Miasto Ludność % Poprawnych
1 Stambuł 14 804 116
100%
2 Ankara 3 517 182
98%
9 Antalya 758 188
74%
3 Izmir 2 500 603
65%
4 Bursa 1 412 701
54%
7 Konya 875 530
50%
6 Gaziantep 1 065 975
34%
5 Adana 1 248 988
30%
10 Bagcilar 724 270
0%
8 Cankaya 792 189
0%
Nie znaleziono quizów pasujących do podanych kryteriów
Rozkład punktacji
Procent ludzi z każdym wynikiem
Percentyl według liczby udzielonych odpowiedzi
Twoja historia wyników
Nie rozwiązałeś tego quizu